Представление документа в формате RUSMARC

ПолеНазваниеЗначение
  Тип записи a
  Библиографический уровень a
001 Контрольный номер RU/CBS_Ul/BASE/535821556
005 Дата корректировки 20240209175208.7
100 Данные общей обработки __
a Данные общей обработки 20161223d2016 ||| 0rusy0189 ca
101 Язык документа 0_
a Язык текста rus
102 Страна публикации __
a Страна публикации RU
105 Кодированные данные (монография) __
a Кодированные данные (монография) y###||||000|y
200 Заглавие и сведения об ответственности 1_
a Заглавие Дед Мороз шагает по планете
b Общее обозначение материала Текст
e Сведения, относящиеся к заглавию [как отмечают новогодний праздник в разных странах]
f Первые сведения об ответственности М. Камаев
300 Общие примечания __
a Общие примечания Ограничения по возрасту - 16+
461 Уровень набора _0
1 2000
a 60 лет - не возраст
463 Уровень физической единицы _0
1 001RU/CBS_Ul/BASE/535815950
1 2000
a № 12
v С. 51-55
1 210
d 2016
606 Тематические рубрики 0_
a Основная рубрика Новый год - Традиции - Празднование
610 Ключевые слова 0_
a Ключевые слова новогодние обычаи
a Ключевые слова новогодние традиции
a Ключевые слова новогодние подарки
a Ключевые слова Новый год
686 Индексы других классификаций __
a Классификационный индекс 63.5(3)
2 Код системы ББК
700 Автор _1
a Фамилия Камаев
b Имя (инициалы) М.
801 Источник записи _0
a Страна RU
b Организация МБУК ЦБС г. Ульяновска
c Дата составления 20161223
g Правила каталогизации RCR
801 Источник записи _1
a Страна RU
b Организация МБУК ЦБС г. Ульяновска
c Дата составления 20161223
g Правила каталогизации RCR
901 Тип документа __
t Тип документа b
w Контрольный № источника RU/CBS_Ul/BASE/535815950
910 Корректоры записи __
a Корректор записи Библиотека 2
938 Служебная информация __
a Имя БД period